000
00476nam a2200181Ia 4500
008
090124s9999 xx 000 0 und d
082
_b
34864
100
_a
राजे शैलजा
245
_a
आशा
250
_a
1
260
_b
नवचैतन्य प्रकाशन
_c
1998
300
_a
172
600
_a
राजे शैलजा
630
_a
आशा
700
_a
राजे शैलजा
730
_a
आशा
942
_c
BOOK
999
_c
100792
_d
100792